[Event "Bayernliga 1213 U20"]
[Site "Bayern"]
[Date "2013.03.02"]
[Round "6.4"]
[White "Castell, Patrick"]
[Black "Diller, Daniel"]
[Result "0-1"]
[WhiteElo "1402"]
[BlackElo "1911"]
[PlyCount "54"]
[EventDate "2012.10.20"]
[EventType "team-tourn"]
[EventRounds "7"]
[EventCountry "GER"]
[SourceTitle "EXT 2020"]
[Source "ChessBase"]
[SourceDate "2019.10.17"]
[SourceVersion "1"]
[SourceVersionDate "2019.10.17"]
[SourceQuality "1"]
[WhiteTeam "Muenchen Suedost U20"]
[BlackTeam "Erlangen SC U20"]
[WhiteTeamCountry "GER"]
[BlackTeamCountry "GER"]

1. e4 e6 2. d4 d5 3. exd5 exd5 4. Bd3 Bd6 5. c3 Nc6 6. Nf3 Nge7 7. 0-0 Bg4 8. Nbd2 Qd7 9. Re1 0-0-0 10. Qb3 Rde8 11. a4 Ng6 12. Qc2 Nf4 13. g3 Nxd3 14. Qxd3 Bf5 15. Qf1 f6 16. Nh4 Bh3 17. Ng2 h5 18. b4 Rxe1 19. Qxe1 Bxg2 20. Kxg2 h4 21. Nf3 Qg4 22. Qe3 hxg3 23. fxg3 Qh3+ 24. Kf2 g5 25. g4 Bxh2 26. Ba3 Qxg4 27. Re1 Bg3+ 0-1

[Event "Bayernliga 1213 U20"]
[Site "Bayern"]
[Date "2012.12.01"]
[Round "2.5"]
[White "Castell, Patrick"]
[Black "Klausmann, Leonard"]
[Result "0-1"]
[WhiteElo "1402"]
[BlackElo "1493"]
[PlyCount "118"]
[EventDate "2012.10.20"]
[EventType "team-tourn"]
[EventRounds "7"]
[EventCountry "GER"]
[SourceTitle "EXT 2020"]
[Source "ChessBase"]
[SourceDate "2019.10.17"]
[SourceVersion "1"]
[SourceVersionDate "2019.10.17"]
[SourceQuality "1"]
[WhiteTeam "Muenchen Suedost U20"]
[BlackTeam "Kareth Lappersdorf U20"]
[WhiteTeamCountry "GER"]
[BlackTeamCountry "GER"]

1. e4 e5 2. Nf3 Nf6 3. Nxe5 d6 4. Nf3 Nxe4 5. Qe2 Qe7 6. d3 Nc5 7. Nc3 Be6 8. d4 Ncd7 9. Bg5 Nf6 10. 0-0-0 Nbd7 11. d5 Bg4 12. Nb5 Qxe2 13. Bxe2 Kd8 14. Rd4 Be7 15. h3 Bh5 16. g4 Bg6 17. Rhd1 a6 18. Nc3 Re8 19. Ng1 h6 20. Bh4 Nxd5 21. Bxe7+ Nxe7 22. f4 f5 23. Bf3 Nc6 24. Rc4 Bf7 25. Bd5 Bxd5 26. Nxd5 fxg4 27. hxg4 Nf6 28. Nxf6 gxf6 29. Rc3 Rg8 30. Rg3 h5 31. g5 fxg5 32. Rxg5 Rxg5 33. fxg5 Ke7 34. Rf1 Rf8 35. Rxf8 Kxf8 36. Kd2 Ne5 37. b3 Kf7 38. Ke3 Kg6 39. Nh3 Kf5 40. Nf4 Kxg5 41. Ne6+ Kg4 42. Nxc7 Kg3 43. Nd5 h4 44. Nc3 Ng4+ 45. Ke2 Kg2 46. Nd5 Ne5 47. Nf4+ Kg3 48. Nh5+ Kg4 49. Nf6+ Kg3 50. Kf1 h3 51. Kg1 h2+ 52. Kh1 Ng4 53. Ne4+ Kh3 54. Ng5+ Kh4 55. Ne4 d5 56. Nc3 Kg3 57. Nd1 Nf2+ 58. Nxf2 Kxf2 59. Kxh2 Ke2 0-1

[Event "Bayernliga U20 1112"]
[Site "Bayern"]
[Date "2011.11.12"]
[Round "1.6"]
[White "Kaspar, Florian"]
[Black "Castell, Patrick"]
[Result "1/2-1/2"]
[WhiteElo "1212"]
[BlackElo "1470"]
[PlyCount "99"]
[EventDate "2011.11.12"]
[EventType "team-swiss"]
[EventRounds "7"]
[EventCountry "GER"]
[SourceTitle "EXT 2022"]
[Source "ChessBase"]
[SourceDate "2021.10.06"]
[SourceVersion "1"]
[SourceVersionDate "2021.10.06"]
[SourceQuality "1"]
[WhiteTeam "Klosterlechfeld U20"]
[BlackTeam "Muenchen Suedost SK U20"]
[WhiteTeamCountry "GER"]
[BlackTeamCountry "GER"]

1. e4 e6 2. d4 d5 3. e5 c5 4. c3 Nc6 5. Nf3 Qb6 6. Qb3 Qxb3 7. axb3 cxd4 8. cxd4 a6 9. Bb5 Bd7 10. Bd2 Rc8 11. Bxc6 Bxc6 12. 0-0 Bb5 13. Rc1 Rxc1+ 14. Bxc1 Bb4 15. Bd2 Bxd2 16. Nbxd2 Ne7 17. Rc1 Bc6 18. b4 0-0 19. Nb3 b6 20. g4 Rc8 21. Nfd2 Bb5 22. Nb1 Rxc1+ 23. Nxc1 Nc6 24. f4 Nxd4 25. Kf2 Nc6 26. Nc3 Nxb4 27. Nxb5 axb5 28. Ke2 Kf8 29. Kd2 Ke7 30. Ne2 Nc6 31. Kd3 f6 32. Nd4 Nxd4 33. Kxd4 g6 34. b4 f5 35. g5 Kf8 36. Kd3 Kg7 37. h3 h6 38. h4 h5 39. Ke3 Kf8 40. Kd3 Ke8 41. Ke3 Kd7 42. Kd3 d4 43. Kd2 Kc6 44. Ke2 d3+ 45. Kd2 Kc7 46. Kxd3 Kc6 47. Kd4 Kc7 48. Kd3 Kd7 49. Kc3 Kc6 50. Kd4 1/2-1/2

[Event "Landesliga U20 Sued 1011"]
[Site "Bayern"]
[Date "2011.04.02"]
[Round "7.1"]
[White "Plank, Michael"]
[Black "Castell, Patrick"]
[Result "1/2-1/2"]
[WhiteElo "1895"]
[BlackElo "1497"]
[PlyCount "60"]
[EventDate "2010.10.16"]
[EventType "team-tourn"]
[EventRounds "7"]
[EventCountry "GER"]
[SourceTitle "EXT 2022"]
[Source "ChessBase"]
[SourceDate "2021.10.06"]
[SourceVersion "1"]
[SourceVersionDate "2021.10.06"]
[SourceQuality "1"]
[WhiteTeam "Nittenau U20"]
[BlackTeam "Muenchen Suedost SK U20"]
[WhiteTeamCountry "GER"]
[BlackTeamCountry "GER"]

1. e4 e6 2. d4 d5 3. Nd2 c5 4. Ngf3 Nf6 5. exd5 Nxd5 6. Ne4 cxd4 7. Nxd4 Bd7 8. Be2 Nc6 9. 0-0 Be7 10. c4 Nf6 11. Nxf6+ Bxf6 12. Nb5 Be5 13. Bf3 0-0 14. Qe2 Qf6 15. Re1 Qg6 16. Be4 f5 17. Bf3 a6 18. Rd1 Rad8 19. Bh5 Qf6 20. Nc3 Nd4 21. Qd2 Qh4 22. f4 Bc6 23. Qf2 Qxf2+ 24. Kxf2 Nc2 25. Rb1 Rxd1 26. Bxd1 Bd4+ 27. Kf1 Ne3+ 28. Bxe3 Bxe3 29. g3 Rd8 30. Be2 Rd2 1/2-1/2

[Event "GER-chT U12"]
[Site "Arendsee"]
[Date "2009.12.29"]
[Round "5.2"]
[White "Duchow, Julien"]
[Black "Castell, Patrick"]
[Result "1-0"]
[WhiteElo "1515"]
[BlackElo "1374"]
[PlyCount "76"]
[EventDate "2009.12.27"]
[EventType "team-swiss"]
[EventRounds "7"]
[EventCountry "GER"]
[SourceTitle "EXT 2022"]
[Source "ChessBase"]
[SourceDate "2021.10.06"]
[SourceVersion "1"]
[SourceVersionDate "2021.10.06"]
[SourceQuality "1"]
[WhiteTeam "Wildeshausen U12"]
[BlackTeam "Vaterstetten SC U12"]
[WhiteTeamCountry "GER"]
[BlackTeamCountry "GER"]

1. e4 c5 2. Nf3 d6 3. d4 cxd4 4. Nxd4 Nf6 5. Nc3 g6 6. Be3 Bg7 7. f3 0-0 8. Qd2 Nc6 9. 0-0-0 Bd7 10. g4 Qa5 11. Nb3 Qc7 12. h4 Ne5 13. Qf2 Rfc8 14. h5 Be6 15. Nd4 Nexg4 16. fxg4 Bxg4 17. Rd3 Nxh5 18. Nd5 Qd8 19. Qh4 e6 20. Bg5 f6 21. Qxg4 exd5 22. Qe6+ Kh8 23. Be3 Qa5 24. Bh3 Qxa2 25. Ra3 Qc4 26. Rc3 Qxc3 27. bxc3 Rxc3 28. Bd2 Rc4 29. Qxd5 Ra4 30. Nb3 Re8 31. Re1 Ng3 32. Qxd6 Nxe4 33. Qd7 Rf8 34. Qxa4 Ng5 35. Bxg5 fxg5 36. Re8 Kg8 37. Be6+ Kh8 38. Rxf8+ Bxf8 1-0

[Event "GER-chT U12"]
[Site "Arendsee"]
[Date "2009.12.27"]
[Round "1.2"]
[White "Klesen, Jonas"]
[Black "Castell, Patrick"]
[Result "0-1"]
[WhiteElo "995"]
[BlackElo "1374"]
[PlyCount "116"]
[EventDate "2009.12.27"]
[EventType "team-swiss"]
[EventRounds "7"]
[EventCountry "GER"]
[SourceTitle "EXT 2022"]
[Source "ChessBase"]
[SourceDate "2021.10.06"]
[SourceVersion "1"]
[SourceVersionDate "2021.10.06"]
[SourceQuality "1"]
[WhiteTeam "Eppelborn U12"]
[BlackTeam "Vaterstetten SC U12"]
[WhiteTeamCountry "GER"]
[BlackTeamCountry "GER"]

1. e4 e5 2. Nc3 Nf6 3. Nf3 Nc6 4. Bc4 Nxe4 5. Bxf7+ Kxf7 6. Nxe4 Be7 7. b3 Rf8 8. 0-0 Kg8 9. Bb2 d6 10. h3 Bf5 11. Ng3 Bg6 12. d4 exd4 13. Nxd4 Nxd4 14. Bxd4 Bf6 15. Bxf6 Qxf6 16. Qd2 Kh8 17. Kh2 Qf4 18. Qxf4 Rxf4 19. c3 Raf8 20. f3 Kg8 21. Rae1 Bd3 22. Rf2 Bg6 23. Ne2 R4f6 24. Ng3 c6 25. Rfe2 d5 26. Re7 R6f7 27. Re8 Rd7 28. R8e7 Rfd8 29. Rxd7 Rxd7 30. Nf1 Kf8 31. Kg3 Re7 32. Rxe7 Kxe7 33. Kf4 Ke6 34. Ne3 c5 35. Nd1 Bb1 36. a3 Bc2 37. Ne3 Bxb3 38. Nf5 g6 39. Ne3 d4 40. cxd4 cxd4 41. Nf1 Bc2 42. Kg3 b5 43. Nd2 a5 44. Kf2 b4 45. axb4 axb4 46. Nc4 b3 47. Ke2 d3+ 48. Kd2 Kf5 49. Nb2 Kf4 50. Nxd3+ Bxd3 51. Kxd3 Kg3 52. Kc3 Kxg2 53. Kxb3 Kxf3 54. Kc2 Kg3 55. Kd2 Kxh3 56. Ke3 g5 57. Kf3 g4+ 58. Kf4 g3 0-1

[Event "GER-ch Net qual1 U14"]
[Site "Playchess.com INT"]
[Date "2009.05.10"]
[Round "1"]
[White "Castell, Patrick"]
[Black "Mons, Leon"]
[Result "0-1"]
[WhiteElo "1396"]
[BlackElo "2134"]
[PlyCount "136"]
[EventDate "2009.05.10"]
[EventType "swiss (blitz)"]
[EventRounds "7"]
[EventCountry "GER"]
[SourceTitle "CBM 130 Extra"]
[Source "ChessBase"]
[SourceDate "2009.07.02"]
[SourceVersion "2"]
[SourceVersionDate "2009.07.15"]
[SourceQuality "1"]

1. e4 e5 2. Nf3 Nc6 3. Bb5 a6 4. Ba4 Nf6 5. d3 Bc5 6. Bg5 h6 7. Bh4 b5 8. Bb3 d6 9. Nc3 Bg4 10. Bd5 Qd7 11. Bxf6 gxf6 12. Bxc6 Qxc6 13. Nd5 f5 14. Nf6+ Ke7 15. Nxg4 fxg4 16. Nh4 h5 17. Nf5+ Kd7 18. Qd2 Qb6 19. Rf1 a5 20. Qg5 Kc6 21. Ne7+ Kb7 22. Nd5 Qc6 23. Rb1 Qd7 24. a3 c6 25. Nc3 Qe6 26. a4 b4 27. Nd1 f6 28. Qg7+ Kb6 29. Qg6 Rag8 30. Qf5 Qxf5 31. exf5 d5 32. b3 h4 33. c3 g3 34. fxg3 hxg3 35. hxg3 Rxg3 36. cxb4 Bxb4+ 37. Kf2 Rxd3 38. Ke2 Rd2+ 39. Kf3 Rh4 40. g3 Rhh2 41. Rf2 Bc5 42. Rxh2 Rxh2 43. Rb2 Rxb2 44. Nxb2 Bd4 45. Nd3 c5 46. Ke2 c4 47. bxc4 dxc4 48. Nc1 Kc5 49. Kd2 Kb4 50. Kc2 Kxa4 51. Na2 e4 52. g4 e3 53. Kd1 Kb3 54. Nc1+ Kb2 55. Ne2 Be5 56. Ke1 a4 57. Kf1 a3 58. Kg2 a2 59. Kf3 a1Q 60. Kxe3 Qe1 61. Kf3 Kc2 62. g5 fxg5 63. f6 Qf1+ 64. Ke3 Bf4+ 65. Nxf4 Qxf4+ 66. Ke2 Qxf6 67. Ke1 Kd3 68. Kd1 Qf1# 0-1